Principles of plant breeding
Wedi'i Gadw mewn:
| Prif Awdur: | |
|---|---|
| Fformat: | Llyfr |
| Iaith: | Saesneg |
| Cyhoeddwyd: |
Nueva York
John Wiley
1999
|
| Rhifyn: | 2a. ed |
| Pynciau: | |
| Tagiau: |
Ychwanegu Tag
Dim Tagiau, Byddwch y cyntaf i dagio'r cofnod hwn!
|
MARC
| LEADER | 00000nam a2200000 a 4500 | ||
|---|---|---|---|
| 001 | UCJ9152 | ||
| 003 | CL-VaPUC | ||
| 008 | 070309e19990000US |||||||||||||||||eng|d | ||
| 020 | |a 0471023094 | ||
| 082 | 0 | 4 | |a 631.53 |b ALL |2 21 |
| 100 | 0 | |a Allard, Robert W |e author |9 519045 | |
| 245 | 1 | 0 | |a Principles of plant breeding |
| 250 | |a 2a. ed | ||
| 300 | |a 254 p | ||
| 942 | |c BK | ||
| 945 | |d 20070309 00:00:00 |a cmena | ||
| 260 | |a Nueva York |b John Wiley |c 1999 | ||
| 650 | 0 | |a Plantas |9 264555 | |
| 650 | 0 | |a Genética vegetal |9 264341 | |
| 650 | 7 | |a REPRODUCCION DE LAS PLANTAS |2 CL-VaPUC |9 264393 | |
| 583 | |a last modification |c 20070309 00:00:00 |k Rodrigo Vera | ||
| 999 | |c 324742 |d 324740 | ||
| 952 | |0 0 |1 1 |2 ddc |4 0 |6 631_530000000000000_ALL_1999 |7 0 |8 A |9 405084 |a BIBAGR |b BIBAGR |d 2019-11-22 |i 4322606 |l 1 |o 631.53 ALL 1999 |p 4322606 |r 2023-06-22 |s 2020-03-11 |w 2019-11-22 |y BK |k AGR | ||